[Event "Mistrovstvi CR senioru nad 50 let"]
[Site "?"]
[Date "2017.08.26"]
[Round "8"]
[White "Volfova, Milena"]
[Black "Bartos, Jan"]
[Result "0-1"]
[WhiteElo "1556"]
[BlackElo "2222"]
[PlyCount "68"]
[EventDate "2017.08.19"]

1. e4 g6 2. Nc3 Bg7 3. Nf3 d6 4. Be2 Nf6 5. d3 O-O 6. O-O b6 7. h3 Bb7 8. Bd2
h6 9. Qc1 Kh7 10. Nh2 c5 11. f4 Nc6 12. Bf3 Nd4 13. Ne2 Nxf3+ 14. Nxf3 c4 15.
Bc3 e6 16. Qd2 Qc7 17. Rac1 Rac8 18. Ng3 Rfe8 19. e5 Nd5 20. d4 f5 21. Ne2 Red8
22. Qe1 dxe5 23. dxe5 Nxc3 24. Nxc3 Bf8 25. a3 b5 26. Qe2 a5 27. Kh1 b4 28.
axb4 axb4 29. Nb5 Qc5 30. Nd6 Bxd6 31. exd6 Rxd6 32. Ne5 c3 33. b3 Rd2 34. Nd3
Rxe2 0-1

[Event "Mistrovstvi CR senioru nad 50 let"]
[Site "?"]
[Date "2017.08.26"]
[Round "8"]
[White "Hanzlík, Zdenìk"]
[Black "Koøínková, Eva"]
[Result "0-1"]
[WhiteElo "1000"]
[BlackElo "1851"]
[PlyCount "80"]
[EventDate "2017.08.19"]

1. e4 c5 2. g3 d5 3. exd5 Qxd5 4. Qf3 Qe6+ 5. Qe2 Nc6 6. Qxe6 Bxe6 7. Bg2 Bd7
8. Ne2 e5 9. d3 Rb8 10. c3 Be7 11. Be3 Nf6 12. f3 O-O 13. O-O Rfd8 14. Rd1 Bf5
15. d4 cxd4 16. cxd4 exd4 17. Bf2 Bc2 18. Rd2 d3 19. Nec3 b5 20. f4 Nd4 21. Ne4
Ng4 22. Na3 Rbc8 23. Bxd4 Rxd4 24. Nxb5 Rb4 25. Ned6 Rb8 26. Bf3 Nf6 27. Re1
Bf8 28. Bc6 a6 29. a3 Rxb2 30. Nc4 R2xb5 31. Bxb5 axb5 32. Ne3 Bc5 33. Kf1 Ne4
34. Rxc2 dxc2 35. Nxc2 Re8 36. Rd1 Kf8 37. Kg2 Nc3 38. Rd2 Re2+ 39. Rxe2 Nxe2
40. Kf3 Nd4+ 0-1

[Event "Mistrovstvi CR senioru nad 50 let"]
[Site "?"]
[Date "2017.08.26"]
[Round "8"]
[White "Vorackova, Jarmila"]
[Black "Vorel, Bohuslav"]
[Result "1-0"]
[WhiteElo "1828"]
[BlackElo "1535"]
[PlyCount "101"]
[EventDate "2017.08.19"]

1. d4 Nf6 2. c4 g6 3. Nc3 Bg7 4. e4 d6 5. f4 O-O 6. Nf3 c5 7. d5 Na6 8. Bd3 Nc7
9. O-O Bg4 10. f5 e5 11. h3 Bxf3 12. Qxf3 Nce8 13. Be3 a6 14. a4 b6 15. g4 Nd7
16. g5 f6 17. Qg3 Kh8 18. Kh2 fxg5 19. Bxg5 Bf6 20. Bxf6+ Nexf6 21. Rg1 Nh5 22.
Qg5 Qxg5 23. Rxg5 Nf4 24. fxg6 Nxg6 25. Be2 Rf2+ 26. Rg2 Raf8 27. Bg4 Rxg2+ 28.
Kxg2 Nf6 29. Bf5 Nh4+ 30. Kg3 Nxf5+ 31. exf5 Rg8+ 32. Kh4 h6 33. a5 Rb8 34. Rg1
Kh7 35. Rg6 Ne8 36. Ne4 bxa5 37. Nxd6 Nxd6 38. Rxd6 Rb4 39. Rxa6 Rxc4+ 40. Kh5
Rf4 41. Rxh6+ Kg7 42. Rg6+ Kf7 43. Kg5 Rf2 44. d6 Rg2+ 45. Kh5 Rh2 46. h4 Rxb2
47. Re6 Rd2 48. Rxe5 Rxd6 49. Rxc5 a4 50. Ra5 Rd4 51. Kg5 1-0

[Event "Mistrovstvi CR senioru nad 50 let"]
[Site "?"]
[Date "2017.08.26"]
[Round "8"]
[White "Plachetka, Milan"]
[Black "Kuda, Pavel"]
[Result "1-0"]
[WhiteElo "1686"]
[BlackElo "1406"]
[PlyCount "65"]
[EventDate "2017.08.19"]

1. e4 e5 2. Nf3 Nc6 3. d4 exd4 4. Bc4 Nf6 5. O-O Be7 6. e5 d5 7. exf6 Bxf6 8.
Bb5 O-O 9. Bxc6 bxc6 10. Nxd4 c5 11. Nf3 h6 12. Nc3 Be6 13. a3 a5 14. h3 Qd7
15. Ne2 g5 16. Nh2 d4 17. Ng3 Be5 18. f4 Bd6 19. Ne4 f6 20. Nxd6 cxd6 21. Qh5
Qh7 22. Ng4 Kg7 23. Nh2 Qxc2 24. Rf2 Qh7 25. Bd2 a4 26. Re1 Bf7 27. Qf3 Qf5 28.
fxg5 Qxf3 29. gxh6+ Kg6 30. Rxf3 Bd5 31. Rg3+ Kf5 32. Rg7 Bc4 33. g4# 1-0

[Event "Mistrovstvi CR senioru nad 50 let"]
[Site "?"]
[Date "2017.08.27"]
[Round "9"]
[White "Sabol, Marian"]
[Black "Vorackova, Jarmila"]
[Result "1-0"]
[WhiteElo "2342"]
[BlackElo "1828"]
[PlyCount "65"]
[EventDate "2017.08.19"]

1. d4 d5 2. c4 e6 3. Nf3 Nf6 4. g3 c6 5. Bg2 Nbd7 6. O-O Be7 7. Nc3 O-O 8. Qd3
dxc4 9. Qxc4 Nb6 10. Qb3 Nbd5 11. Ne5 h6 12. e4 Nb6 13. Rd1 Nbd7 14. Nc4 b6 15.
d5 Nc5 16. Qc2 Ba6 17. Ne5 cxd5 18. exd5 Qc7 19. Nc6 exd5 20. Bxd5 Rae8 21. Bf4
Qb7 22. Bg2 Bd3 23. Rxd3 Nxd3 24. Qxd3 Bc5 25. b4 Bxf2+ 26. Kxf2 Ng4+ 27. Kg1
Rc8 28. h3 Nf6 29. b5 Rfe8 30. Rf1 Qd7 31. Qxd7 Nxd7 32. Nd5 Kf8 33. Bd6+ 1-0

[Event "Mistrovstvi CR senioru nad 50 let"]
[Site "?"]
[Date "2017.08.27"]
[Round "9"]
[White "Kozak, Milos"]
[Black "Malinovsky, Petr"]
[Result "1/2-1/2"]
[WhiteElo "2121"]
[BlackElo "2057"]
[PlyCount "41"]
[EventDate "2017.08.19"]

1. Nf3 d5 2. c4 e6 3. g3 c6 4. Bg2 dxc4 5. O-O Nd7 6. Qc2 Qc7 7. Qxc4 b5 8. Qc2
Bb7 9. d4 Ngf6 10. a4 a6 11. axb5 axb5 12. Rxa8+ Bxa8 13. Nc3 Bd6 14. Ng5 O-O
15. Nge4 Nxe4 16. Nxe4 c5 17. Nxd6 Bxg2 18. Kxg2 Qxd6 19. dxc5 Qxc5 20. Qxc5
Nxc5 21. Bf4 1/2-1/2

[Event "Mistrovstvi CR senioru nad 50 let"]
[Site "?"]
[Date "2017.08.27"]
[Round "9"]
[White "Urban, Zdenek"]
[Black "Fiedler, Bedrich"]
[Result "1-0"]
[WhiteElo "2163"]
[BlackElo "2100"]
[PlyCount "99"]
[EventDate "2017.08.19"]

1. c4 c5 2. Nc3 Nc6 3. g3 g6 4. Bg2 Bg7 5. e4 e5 6. d3 d6 7. Nge2 Nge7 8. O-O
Be6 9. h3 O-O 10. Kh2 Rb8 11. f4 f5 12. a4 Nd4 13. Nxd4 cxd4 14. Nd5 fxe4 15.
dxe4 Nxd5 16. cxd5 Bd7 17. Bd2 Qb6 18. Rf3 Rbc8 19. a5 Qd8 20. Qb3 a6 21. Bf1
Rc7 22. Bb4 Bc8 23. Bg2 Kh8 24. Raf1 Rcf7 25. Qa3 exf4 26. Bxd6 fxg3+ 27. Bxg3
Rxf3 28. Rxf3 Rxf3 29. Bxf3 h5 30. Qd6 Qxd6 31. Bxd6 d3 32. b4 Bd7 33. Bd1 Kg8
34. Kg2 Kf7 35. e5 Bb5 36. Kf3 Bh6 37. Ke4 d2 38. h4 Ke8 39. e6 Bc4 40. Kd4 Bb5
41. Bc5 Bg7+ 42. Ke4 Bc4 43. Bd4 Bh6 44. Bf6 Bf8 45. Kd4 Bb5 46. Kc3 Bd6 47.
Bd4 Bf4 48. Bc5 Bh6 49. d6 Bf4 50. Bc2 1-0

[Event "Mistrovstvi CR senioru nad 50 let"]
[Site "?"]
[Date "2017.08.27"]
[Round "9"]
[White "Bartos, Jan"]
[Black "Korinkova, Eva"]
[Result "1-0"]
[WhiteElo "2222"]
[BlackElo "1851"]
[PlyCount "121"]
[EventDate "2017.08.19"]

1. d4 Nf6 2. c4 g6 3. Nc3 Bg7 4. e4 d6 5. f3 O-O 6. Be3 Nbd7 7. Nge2 c5 8. Qd2
a6 9. Rd1 b5 10. dxc5 dxc5 11. cxb5 Bb7 12. Nf4 Qb8 13. Nfd5 Bxd5 14. Nxd5 Nxd5
15. Qxd5 Rd8 16. Qb3 axb5 17. Bxb5 Qa7 18. Rxd7 Rxd7 19. Bxd7 c4 20. Bxa7 cxb3
21. axb3 Rxa7 22. Ba4 Bxb2 23. Kd2 Rc7 24. Rb1 Bc3+ 25. Kd3 Bb4 26. Rb2 Rc3+
27. Kd4 Rc7 28. Ra2 f6 29. f4 Kf7 30. e5 fxe5+ 31. Kxe5 Bd6+ 32. Ke4 Kf6 33.
Bb5 Rc5 34. Bc4 g5 35. fxg5+ Kxg5 36. h3 Rf5 37. Bd5 Rf4+ 38. Kd3 e5 39. Be4
Rf7 40. Kc4 Re7 41. Kd5 Bb4 42. Rf2 Bc3 43. Rf3 Bd4 44. Kd6 Ra7 45. b4 Kh6 46.
b5 Kg7 47. Kc6 Re7 48. Kd6 Ra7 49. Rb3 Ra4 50. Bd5 Kf6 51. b6 e4 52. b7 e3 53.
Bf3 Be5+ 54. Kd7 Rd4+ 55. Ke8 e2 56. Bxe2 Bb8 57. Bf3 Rd6 58. Rc3 Re6+ 59. Kd7
Re7+ 60. Kd8 Kf7 61. Bh5+ 1-0

[Event "Mistrovstvi CR senioru nad 50 let"]
[Site "?"]
[Date "2017.08.27"]
[Round "9"]
[White "Petras, Milan"]
[Black "Plachetka, Milan"]
[Result "1-0"]
[WhiteElo "2020"]
[BlackElo "1686"]
[PlyCount "59"]
[EventDate "2017.08.19"]

1. e4 c5 2. f4 d6 3. Nf3 Nc6 4. g3 e5 5. Bg2 Nf6 6. d3 Be7 7. O-O Bg4 8. h3
Bxf3 9. Qxf3 Nd4 10. Qf2 O-O 11. Nc3 Rb8 12. f5 b5 13. Bg5 b4 14. Bxf6 bxc3 15.
Bxe7 Qxe7 16. bxc3 Nb5 17. Qd2 f6 18. a4 Nc7 19. Rfb1 Rxb1+ 20. Rxb1 Na6 21. d4
Rb8 22. Rb3 Qd7 23. dxc5 Rxb3 24. cxb3 Nxc5 25. Qd5+ Kf8 26. Bf1 Ke7 27. Bc4
Kd8 28. b4 Qxa4 29. bxc5 Qa1+ 30. Kf2 1-0

[Event "Mistrovstvi CR senioru nad 50 let"]
[Site "?"]
[Date "2017.08.27"]
[Round "9"]
[White "Barabas, Ales"]
[Black "Volfova, Milena"]
[Result "1-0"]
[WhiteElo "1788"]
[BlackElo "1556"]
[PlyCount "95"]
[EventDate "2017.08.19"]

1. Nf3 Nc6 2. c4 e5 3. Nc3 Nf6 4. d3 h6 5. g3 Be7 6. Bg2 O-O 7. O-O d6 8. a3
Rb8 9. b4 Qe8 10. Bb2 Nd8 11. Rc1 c6 12. Nd2 Ne6 13. e3 Bd7 14. a4 Qc8 15. b5
Ng5 16. h4 Ne6 17. Nce4 Nxe4 18. Nxe4 f5 19. Nc3 f4 20. exf4 exf4 21. Ne4 fxg3
22. fxg3 Rxf1+ 23. Qxf1 Qf8 24. Bh3 Qxf1+ 25. Rxf1 Rf8 26. Ba3 c5 27. Re1 Re8
28. d4 cxd4 29. Bxd6 b6 30. Rd1 Bxd6 31. Nxd6 Rd8 32. Bxe6+ Bxe6 33. Rxd4 Bxc4
34. Rxc4 Rxd6 35. Rc7 g5 36. hxg5 hxg5 37. Rxa7 g4 38. Kf2 Rf6+ 39. Kg2 Rd6 40.
Rb7 Kf8 41. Kf2 Rd4 42. Rxb6 Rxa4 43. Rb7 Ra2+ 44. Ke3 Ra4 45. b6 Ke8 46. Rg7
Rb4 47. b7 Kf8 48. Rc7 1-0

[Event "Mistrovstvi CR senioru nad 50 let"]
[Site "?"]
[Date "2017.08.27"]
[Round "9"]
[White "Hanzlik, Zdenek"]
[Black "Lorencova, Jitka"]
[Result "1-0"]
[WhiteElo "1000"]
[BlackElo "1391"]
[PlyCount "77"]
[EventDate "2017.08.19"]

1. e4 e6 2. f4 d6 3. Nf3 c5 4. d3 Bd7 5. Be3 Nc6 6. Be2 Qb6 7. b3 Qc7 8. Nbd2
Nf6 9. h3 Be7 10. O-O b6 11. c3 Bc8 12. Nh2 Bb7 13. Bf3 Nd7 14. Qe2 Bf6 15.
Rac1 O-O-O 16. d4 a6 17. a4 Rde8 18. e5 dxe5 19. fxe5 Be7 20. Ne4 h6 21. Rfd1
Kb8 22. Nd6 Bxd6 23. exd6 Qd8 24. dxc5 Nde5 25. cxb6 Nxf3+ 26. Nxf3 Qd7 27. b4
e5 28. b5 Na5 29. bxa6 Bxf3 30. a7+ Kb7 31. Qxf3+ e4 32. Qh5 Nc4 33. Qd5+ Qc6
34. Qxc6+ Kxc6 35. Bd4 f6 36. Rb1 e3 37. b7 e2 38. Re1 Nxd6 39. b8=Q 1-0

[Event "Mistrovstvi CR senioru nad 50 let"]
[Site "?"]
[Date "2017.08.27"]
[Round "9"]
[White "Kuda, Pavel"]
[Black "Vorel, Bohuslav"]
[Result "1/2-1/2"]
[WhiteElo "1406"]
[BlackElo "1535"]
[PlyCount "49"]
[EventDate "2017.08.19"]

1. e4 c5 2. c4 d6 3. Nc3 Nf6 4. Nf3 Nc6 5. d4 cxd4 6. Nxd4 g6 7. Nxc6 bxc6 8.
Be2 Bg7 9. Rb1 O-O 10. Bg5 Qc7 11. O-O h6 12. Be3 Nd7 13. Qd2 Kh7 14. f4 Nf6
15. h3 a6 16. Bf3 c5 17. e5 Bb7 18. exf6 Bxf6 19. Nd5 Bxd5 20. Bxd5 Rab8 21. b3
Bg7 22. f5 g5 23. Qd3 f6 24. Be6 a5 25. Qc2 1/2-1/2

[Event "Mistrovstvi CR senioru nad 60 let"]
[Site "Pelcovo divadlo Rychnov nad Kn"]
[Date "2017.08.19"]
[Round "1"]
[White "Kotyza, Bohumil"]
[Black "Chudinovskikh, Alexander M"]
[Result "0-1"]
[WhiteElo "1810"]
[BlackElo "2229"]
[PlyCount "56"]
[EventDate "2017.08.19"]

1. d4 Nf6 2. Nf3 e6 3. Bf4 b6 4. e3 Bb7 5. Nbd2 Be7 6. Bd3 Nh5 7. Bg3 d6 8. c4
Nd7 9. Rc1 g6 10. Be4 Nxg3 11. hxg3 d5 12. cxd5 exd5 13. Bd3 O-O 14. Nh4 c5 15.
Qg4 Nf6 16. Qd1 Rc8 17. O-O Re8 18. Ndf3 Ne4 19. Bb5 Rf8 20. dxc5 bxc5 21. Re1
Bf6 22. Rb1 Qa5 23. Qa4 Qxa4 24. Bxa4 Rfd8 25. Red1 Ba6 26. Nh2 Be2 27. Re1 Bd3
28. Rbd1 c4 0-1

[Event "Mistrovstvi CR senioru nad 60 let"]
[Site "Pelcovo divadlo Rychnov nad Kn"]
[Date "2017.08.19"]
[Round "1"]
[White "Pilar, Miloslav"]
[Black "Kasik, Miroslav"]
[Result "1-0"]
[WhiteElo "2160"]
[BlackElo "1809"]
[PlyCount "127"]
[EventDate "2017.08.19"]

1. d4 d5 2. Nf3 e6 3. c4 Nf6 4. Nc3 Be7 5. Bf4 c6 6. e3 O-O 7. h3 Nbd7 8. cxd5
exd5 9. Bd3 Re8 10. O-O Nf8 11. a3 Bd6 12. Bxd6 Qxd6 13. b4 Ne4 14. Qc2 Nxc3
15. Qxc3 Bd7 16. Ne5 f6 17. Nf3 Rac8 18. Rab1 g6 19. Rfc1 Kg7 20. Qc5 Qb8 21.
a4 Ne6 22. Qc2 Qd6 23. Qb3 Rc7 24. Rc3 Rec8 25. Rbc1 a6 26. Bf1 Be8 27. Ne1 b5
28. Nd3 Ra8 29. Nc5 Nxc5 30. Rxc5 Rca7 31. g3 f5 32. Ra1 Qe7 33. Bg2 Rb8 34. a5
Rd8 35. Re1 Qf6 36. Rc2 Re7 37. Qc3 Qd6 38. Rd2 Kg8 39. Kf1 Bd7 40. Qc5 Qxc5
41. dxc5 Rde8 42. Rd4 Re5 43. Ke2 Kg7 44. Kd2 Kf6 45. h4 Kg7 46. f3 R8e7 47.
Bf1 Be8 48. Bd3 Bd7 49. Re2 Be8 50. e4 fxe4 51. fxe4 Bf7 52. exd5 Rxe2+ 53.
Bxe2 Bxd5 54. Bg4 Rc7 55. Rf4 h5 56. Bh3 Bh1 57. Kd3 Bd5 58. Kd4 Bh1 59. Ke5
Re7+ 60. Kd6 Re3 61. Bc8 Rxg3 62. Bxa6 Rg4 63. Rxg4 hxg4 64. Bc8 1-0

[Event "Mistrovstvi CR senioru nad 60 let"]
[Site "Pelcovo divadlo Rychnov nad Kn"]
[Date "2017.08.19"]
[Round "1"]
[White "Majerik, Vladimir"]
[Black "Jablecnik, Gustav"]
[Result "0-1"]
[WhiteElo "1809"]
[BlackElo "2109"]
[PlyCount "74"]
[EventDate "2017.08.19"]

1. d4 Nf6 2. Nf3 d5 3. c3 Bf5 4. Bg5 h6 5. Bh4 Nbd7 6. e3 Ne4 7. Bd3 c6 8. Qc2
g5 9. Bg3 Bg7 10. Nbd2 Nxd2 11. Nxd2 Bxd3 12. Qxd3 Qb6 13. Qc2 a5 14. O-O-O a4
15. a3 c5 16. h4 g4 17. Qf5 cxd4 18. exd4 Rc8 19. Nb1 h5 20. Qxd5 Bh6+ 21. Nd2
Nf6 22. Qe5 O-O 23. Bf4 Bg7 24. Be3 Rfd8 25. Ne4 Qb3 26. Nxf6+ exf6 27. Qa5 Bf8
28. Rd3 Rd5 29. Qa7 Rb5 30. Rd2 Rxc3+ 31. Kb1 Rc8 32. Ka1 Bxa3 33. Rb1 Bb4 34.
Re2 a3 35. Bd2 Bxd2 36. Rxd2 Qb4 37. Re2 Ra5 0-1

[Event "Mistrovstvi CR senioru nad 60 let"]
[Site "Pelcovo divadlo Rychnov nad Kn"]
[Date "2017.08.19"]
[Round "1"]
[White "Mlynek, Petr"]
[Black "Sedlacek, Jan"]
[Result "1-0"]
[WhiteElo "2094"]
[BlackElo "1808"]
[PlyCount "115"]
[EventDate "2017.08.19"]

1. d4 Nf6 2. c4 e6 3. g3 d5 4. Nf3 c5 5. cxd5 exd5 6. Bg2 Nc6 7. O-O Be7 8. Nc3
O-O 9. dxc5 Bxc5 10. Na4 Be7 11. Be3 Be6 12. Rc1 Qd7 13. Nc5 Bxc5 14. Bxc5 Rfd8
15. Nd4 Bh3 16. Nxc6 bxc6 17. Qa4 Bxg2 18. Kxg2 Ne4 19. Rfd1 Qe6 20. e3 Qf6 21.
Rc2 Qf5 22. Rdc1 h5 23. f3 d4 24. Bxd4 Ng5 25. Rf2 Qh3+ 26. Kg1 h4 27. Be5 Rd2
28. Rxd2 Nxf3+ 29. Kf2 Nxd2 30. Qxh4 Qf5+ 31. Qf4 Qd3 32. Qd4 Ne4+ 33. Kg1 Rd8
34. Qxd3 Rxd3 35. Bd4 c5 36. Bxc5 Nxc5 37. Rxc5 Rd1+ 38. Kf2 Rd2+ 39. Kf3 Rxb2
40. Ra5 Rxh2 41. Rxa7 f6 42. a4 Ra2 43. Ke4 Kh7 44. a5 Kg6 45. a6 Rg2 46. Rc7
Rxg3 47. a7 Rg4+ 48. Kd5 Ra4 49. Kc6 Kh6 50. Kb7 Rb4+ 51. Kc8 Ra4 52. Kb8 g5
53. a8=Q Rxa8+ 54. Kxa8 g4 55. Kb7 g3 56. e4 Kg5 57. Kc6 Kf4 58. Kd5 1-0

[Event "Mistrovstvi CR senioru nad 60 let"]
[Site "Pelcovo divadlo Rychnov nad Kn"]
[Date "2017.08.19"]
[Round "1"]
[White "Tsapanidis, Vasilis"]
[Black "Korenek, Frantisek"]
[Result "1/2-1/2"]
[WhiteElo "1807"]
[BlackElo "2075"]
[PlyCount "88"]
[EventDate "2017.08.19"]

1. c4 e5 2. Nc3 Nf6 3. Nf3 Nc6 4. d4 exd4 5. Nxd4 Bc5 6. Nxc6 bxc6 7. e3 O-O 8.
Be2 d5 9. O-O Be6 10. Na4 Be7 11. b3 dxc4 12. Bxc4 Bxc4 13. bxc4 Rb8 14. Bb2
Qc8 15. Qc2 Qe6 16. Bd4 Rb4 17. Nb2 c5 18. Bc3 Rb6 19. Ba5 Rc6 20. Rfd1 Bd6 21.
Rab1 Ra6 22. Qd2 Ne4 23. Qe1 Qh6 24. h3 Qh4 25. Nd3 g5 26. f4 Qh6 27. Rb2 f5
28. Bc3 gxf4 29. exf4 Bxf4 30. Nxf4 Qxf4 31. Rc2 Rd6 32. Bd2 Qe5 33. Bc1 Rxd1
34. Qxd1 Qd4+ 35. Qxd4 cxd4 36. c5 Rb8 37. Bf4 d3 38. Rc1 d2 39. Rd1 Rb5 40.
Bxd2 Rxc5 41. Be3 Ra5 42. Rd8+ Kf7 43. Rd7+ Kg6 44. Rxc7 Rxa2 1/2-1/2

[Event "Mistrovstvi CR senioru nad 60 let"]
[Site "Pelcovo divadlo Rychnov nad Kn"]
[Date "2017.08.19"]
[Round "1"]
[White "Pospisil, Evzen"]
[Black "Jindrasek, Mojmir"]
[Result "1-0"]
[WhiteElo "2064"]
[BlackElo "1798"]
[PlyCount "49"]
[EventDate "2017.08.19"]

1. d4 d5 2. Nf3 Nf6 3. g3 e6 4. Bg2 c5 5. O-O Nc6 6. c4 Be7 7. cxd5 Nxd5 8.
dxc5 Bxc5 9. Qc2 Qe7 10. Nbd2 h6 11. Nb3 Bb6 12. e4 Nf6 13. Qe2 O-O 14. e5 Nd5
15. Re1 Rd8 16. Nh4 Nd4 17. Nxd4 Bxd4 18. Qg4 Bb6 19. Bxh6 f5 20. exf6 Nxf6 21.
Qg6 Qf7 22. Be3 Rd6 23. Rad1 Rxd1 24. Rxd1 Qxg6 25. Nxg6 1-0

[Event "Mistrovstvi CR senioru nad 60 let"]
[Site "Pelcovo divadlo Rychnov nad Kn"]
[Date "2017.08.19"]
[Round "1"]
[White "Kolek, Josef"]
[Black "Salac, Jiri"]
[Result "1/2-1/2"]
[WhiteElo "1794"]
[BlackElo "2056"]
[PlyCount "140"]
[EventDate "2017.08.19"]

1. e4 c5 2. Nf3 d6 3. d4 cxd4 4. Nxd4 Nf6 5. Nc3 a6 6. Be3 e5 7. Nb3 Be7 8. Be2
Be6 9. f3 Nbd7 10. Qd2 Qc7 11. O-O-O b5 12. g4 Nb6 13. Kb1 Nc4 14. Qc1 Nxe3 15.
Qxe3 O-O 16. h4 Nd7 17. Nd5 Bxd5 18. Rxd5 Nb6 19. Rdd1 Rfc8 20. c3 Nc4 21. Bxc4
Qxc4 22. g5 a5 23. Qd3 a4 24. Qxc4 Rxc4 25. Nd2 Rc6 26. Nf1 a3 27. Ne3 axb2 28.
Kxb2 Rca6 29. Ra1 Kf8 30. Nd5 Bd8 31. a3 Bb6 32. Rhd1 Ba5 33. Kb3 Ke8 34. Rd3
Kd7 35. h5 Bd8 36. f4 exf4 37. Nxf4 Bxg5 38. Nd5 Re8 39. Rg1 h6 40. Re1 f5 41.
e5 Rxe5 42. Rxe5 dxe5 43. Nf6+ Ke7 44. Nd5+ Kf7 45. Nc7 Rb6 46. Rd7+ Kf8 47.
Kb4 Be7+ 48. Ka5 Rd6 49. Rxd6 Bxd6 50. Nxb5 Bb8 51. c4 f4 52. Nc3 Ke7 53. Kb6
Kd7 54. c5 f3 55. Ne4 Kc8 56. a4 Bc7+ 57. Kb5 Kb7 58. a5 Bb8 59. Kc4 Kc6 60.
Kd3 f2 61. Nxf2 Kxc5 62. Ke4 Kd6 63. a6 Ke6 64. Nd3 Kf6 65. Nxe5 Ba7 66. Nc6
Bb6 67. Kf4 Bc7+ 68. Kg4 Bb6 69. Nb4 Ke5 70. Nc6+ Kf6 1/2-1/2

[Event "Mistrovstvi CR senioru nad 60 let"]
[Site "Pelcovo divadlo Rychnov nad Kn"]
[Date "2017.08.19"]
[Round "1"]
[White "Lorenc, Oldrich"]
[Black "Mares, Ilja"]
[Result "1-0"]
[WhiteElo "2055"]
[BlackElo "1793"]
[PlyCount "57"]
[EventDate "2017.08.19"]

1. c4 c5 2. g3 Nf6 3. Bg2 d5 4. cxd5 Nxd5 5. Nc3 Nc7 6. b3 e5 7. Ba3 Be7 8. Rc1
Nd7 9. e3 Ne6 10. Nge2 Rb8 11. O-O O-O 12. Nd5 Bd6 13. d4 Qa5 14. dxc5 Qxa3 15.
cxd6 Rd8 16. Ne7+ Kf8 17. Nc3 Nf6 18. Nb5 Qb4 19. a4 Bd7 20. Rc4 Qa5 21. Nc7
Qb6 22. b4 Ne8 23. Qh5 Qxd6 24. Nf5 Qd3 25. Qxh7 f6 26. Qh8+ Kf7 27. Qh5+ g6
28. Qh7+ N6g7 29. Bd5+ 1-0

[Event "Mistrovstvi CR senioru nad 60 let"]
[Site "Pelcovo divadlo Rychnov nad Kn"]
[Date "2017.08.19"]
[Round "1"]
[White "Splitek, Lubos"]
[Black "Drabek, Miloslav"]
[Result "0-1"]
[WhiteElo "1736"]
[BlackElo "2036"]
[PlyCount "106"]
[EventDate "2017.08.19"]

1. e4 d6 2. d4 Nf6 3. Nc3 g6 4. f4 Bg7 5. Nf3 O-O 6. Be2 c5 7. O-O cxd4 8. Qxd4
Nc6 9. Qd1 Qb6+ 10. Kh1 Bg4 11. Nd5 Qd8 12. Nxf6+ Bxf6 13. c3 Qc7 14. Be3 Rac8
15. h3 Bxf3 16. Bxf3 Bg7 17. Qd2 b6 18. Rfd1 Na5 19. Qf2 Nc4 20. Bg4 Rcd8 21.
Bd4 e5 22. fxe5 dxe5 23. Be3 Rxd1+ 24. Rxd1 Rd8 25. Rd5 Rxd5 26. exd5 f5 27.
Be2 Nxb2 28. Bc1 Nc4 29. Qh4 Nd6 30. Ba3 h6 31. Qb4 Bf8 32. c4 a5 33. Qb3 Kg7
34. Bb2 Ne4 35. g4 Bc5 36. gxf5 gxf5 37. Qf3 Bd4 38. Bc1 Qf7 39. Be3 Qg6 40.
Kh2 Bxe3 41. Qxe3 Qg5 42. Qf3 Kf6 43. Bd3 Qd2+ 44. Kg1 Qg5+ 45. Kh2 Nd6 46. Qf2
Qf4+ 47. Kg2 Qxf2+ 48. Kxf2 e4 49. Bf1 Ke5 50. Ke3 f4+ 51. Kd2 Kd4 52. Be2 f3
53. Bf1 e3+ 0-1

[Event "Mistrovstvi CR senioru nad 60 let"]
[Site "Pelcovo divadlo Rychnov nad Kn"]
[Date "2017.08.19"]
[Round "1"]
[White "Novotny, Josef"]
[Black "Istel, Oldrich"]
[Result "1-0"]
[WhiteElo "2031"]
[BlackElo "1724"]
[PlyCount "105"]
[EventDate "2017.08.19"]

1. e3 Nf6 2. d3 d5 3. Nf3 g6 4. g3 Bg7 5. Bg2 Nc6 6. Nc3 e6 7. O-O O-O 8. Qe2
Qe7 9. Rd1 a6 10. h3 Rb8 11. a3 Rd8 12. Bd2 b5 13. e4 d4 14. e5 dxc3 15. exf6
Bxf6 16. Bxc3 Bb7 17. Bxf6 Qxf6 18. c3 Ne7 19. Nd2 c5 20. Bxb7 Rxb7 21. Ne4 Qe5
22. Qe3 Rc7 23. d4 cxd4 24. cxd4 Qg7 25. Qg5 h6 26. Nf6+ Kh8 27. Qe5 Rcc8 28.
Ng4 Nf5 29. d5 Rc5 30. Qxg7+ Kxg7 31. dxe6 Rxd1+ 32. Rxd1 fxe6 33. Rd7+ Kf8 34.
Nf6 Ne7 35. Kg2 Kf7 36. Ne4 Rc6 37. b4 Ke8 38. Ra7 Nd5 39. Rh7 h5 40. Rg7 e5
41. Ra7 Kd8 42. Ra8+ Ke7 43. Nc5 Nc7 44. Rg8 Ne8 45. Rh8 Kf7 46. Rh7+ Ng7 47.
g4 Kg8 48. Rh6 h4 49. Kf3 Rf6+ 50. Ke3 Rc6 51. Ke4 Nf5 52. Kd5 Rf6 53. gxf5 1-0

[Event "Mistrovstvi CR senioru nad 60 let"]
[Site "Pelcovo divadlo Rychnov nad Kn"]
[Date "2017.08.19"]
[Round "1"]
[White "Vacek, Jaroslav"]
[Black "Hlavac, Frantisek"]
[Result "1/2-1/2"]
[WhiteElo "1721"]
[BlackElo "1964"]
[PlyCount "63"]
[EventDate "2017.08.19"]

1. e4 Nf6 2. Nc3 d5 3. exd5 Nxd5 4. Nxd5 Qxd5 5. Qf3 c6 6. Qxd5 cxd5 7. d4 a6
8. Nf3 Nc6 9. c3 Bg4 10. Be2 e6 11. h3 Bh5 12. g4 Bg6 13. Nh4 Be4 14. f3 Be7
15. Ng2 Bg6 16. Nf4 Bh4+ 17. Kd1 Ne7 18. Ng2 Bg3 19. Bf4 Bxf4 20. Nxf4 Kd7 21.
h4 h6 22. h5 Bh7 23. Bd3 Bxd3 24. Nxd3 Nc6 25. Re1 Rhe8 26. Re2 Kd6 27. Kd2 Re7
28. Rae1 Rc7 29. Ne5 Rac8 30. Nxc6 Rxc6 31. f4 Kd7 32. Re3 1/2-1/2

[Event "Mistrovstvi CR senioru nad 60 let"]
[Date "2017.08.20"]
[Round "2"]
[White "Chudinovskikh, Alexander M"]
[Black "Kohout, Jan"]
[Result "1-0"]
[WhiteElo "2229"]
[BlackElo "1919"]
[PlyCount "61"]
[EventDate "2017.08.19"]

1. d4 d5 2. Bf4 e6 3. e3 Nf6 4. Nf3 Be7 5. Bd3 Nbd7 6. h3 c6 7. Nbd2 b6 8. Qe2
Bb7 9. O-O c5 10. c3 O-O 11. Rad1 Re8 12. Ne5 Qc8 13. Ndf3 a6 14. Ng5 Nxe5 15.
dxe5 Ne4 16. Bxe4 dxe4 17. Qh5 Bxg5 18. Bxg5 Qc7 19. Rd6 Bd5 20. Rd1 c4 21. Rd4
Ra7 22. f3 g6 23. Qh4 f5 24. fxe4 fxe4 25. Bd8 Qg7 26. Bf6 Qb7 27. Rd2 b5 28.
Rf2 Rf8 29. Qh6 Raa8 30. h4 Qf7 31. Rf4 1-0

[Event "Mistrovstvi CR senioru nad 60 let"]
[Site "?"]
[Date "2017.08.20"]
[Round "2"]
[White "Tejkal, Jiri"]
[Black "Pilar, Miloslav"]
[Result "1/2-1/2"]
[WhiteElo "1917"]
[BlackElo "2160"]
[PlyCount "28"]
[EventDate "2017.08.19"]

1. d4 Nf6 2. Nf3 d5 3. c4 e6 4. Nc3 Be7 5. Bg5 O-O 6. e3 Nbd7 7. cxd5 exd5 8.
Bd3 c6 9. O-O Re8 10. a3 Nf8 11. Qc2 N6d7 12. Bf4 Nf6 13. h3 Ng6 14. Bh2 Bd6
1/2-1/2

[Event "Mistrovstvi CR senioru nad 60 let"]
[Site "?"]
[Date "2017.08.20"]
[Round "2"]
[White "Jablecnik, Gustav"]
[Black "Novotny, Jaroslav"]
[Result "1-0"]
[WhiteElo "2109"]
[BlackElo "1914"]
[PlyCount "143"]
[EventDate "2017.08.19"]

1. e4 c5 2. Bc4 Nc6 3. c3 Nf6 4. Qe2 d5 5. exd5 Nxd5 6. d3 Bf5 7. g4 Be6 8. Be3
b6 9. Na3 Qd7 10. h3 g6 11. Nf3 Nxe3 12. Bxe6 Qxe6 13. Qxe3 Qxe3+ 14. fxe3 Bg7
15. d4 cxd4 16. exd4 O-O 17. O-O-O Rac8 18. Kb1 Rfd8 19. Rhf1 h6 20. h4 e6 21.
Rfe1 a6 22. Nc2 b5 23. a3 a5 24. Re3 Rb8 25. Red3 b4 26. c4 bxa3 27. Nxa3 Rb4
28. R1d2 Rdb8 29. Rc3 a4 30. Ka2 R4b7 31. Nb5 Rd7 32. Ra3 Ra8 33. Kb1 Bf8 34.
Rad3 Rad8 35. Rd1 Bg7 36. R3d2 Na5 37. c5 Nc6 38. Nd6 Rb8 39. Nc4 Rb4 40. Nd6
a3 41. Ka2 axb2 42. Rxb2 Ra7+ 43. Kb1 Raa4 44. Rxb4 Rxb4+ 45. Kc2 Nxd4+ 46.
Nxd4 Bxd4 47. c6 Bb6 48. Kc3 Rxg4 49. Ne8 Kf8 50. c7 Bxc7 51. Nxc7 Rxh4 52. Re1
Rh5 53. Kd4 Ra5 54. Rb1 h5 55. Ke3 Kg7 56. Ne8+ Kf8 57. Nd6 Ra7 58. Rb8+ Kg7
59. Ne8+ Kh6 60. Nd6 Rd7 61. Ne4 f5 62. Nc5 Re7 63. Nd3 e5 64. Rb5 e4 65. Nf4
Rg7 66. Rb6 Rg8 67. Ne6 h4 68. Kf4 Kh5 69. Ng5 Re8 70. Rb7 Rh8 71. Re7 h3 72.
Nxh3 1-0